00317nam a2200121Ia 4500008005000000041000800050082001200058100001400070245004700084260003900131300001800170440000700188240112s1970 JULY-DEC xx 000 0 und d aeng a617.703 aNEWELL F. aAMERICAN JOURNAL OF OPHTHALMOLOGY SERIES-3 bOPHTHALMICPUB. COM.c1970 JULY-DEC a482,HBc(1-3) v70